| 000 | 02003 a2200277 i 4500 | ||
|---|---|---|---|
| 001 | 265282687 | ||
| 003 | MePoLT | ||
| 005 | 20240610102559.0 | ||
| 020 | _a9781119833963 | ||
| 038 | _aMalang Jan | ||
| 040 |
_aMePoLT _cMePoLT _erda |
||
| 082 |
_a720.103 _bARC |
||
| 245 | 0 | 0 |
_aArchitectures of Refusal / _cedited by Jill Stoner & Ozayr Saloojee |
| 264 | 1 |
_aLondon: _b John Wiley & Sons; _c2023. |
|
| 300 |
_a136 p.: _bill; _c27cm. |
||
| 440 | 1 | 0 |
_aArchitectural design _933235 |
| 490 | 1 | 0 |
_aArchitectural design _vvol:92,no:06 |
| 505 | _a Introduction Repair, Reworld: The Many Ways of Saying ‘No’ Chapter 2 Prologue: Drawing an Argument for Refusal Chapter 3 Centring Civilisation: Now and After the Apocalypse Chapter 4 Digital Doubles: The Major Agency of Minor Bits Chapter 5 Expanding Bodies: Pedagogical Models for Pluralistic Spatialities Chapter 6 Shebeen Operations: Navigating Deviance Chapter 7 Earth Versus FIFA: Resisting Globalisation on the Open Pitch Chapter 8 A Cottage to Breathe In: Refusing Museums, Making Homes Chapter 9 A Space of Problems: The Child-Cities of Columbus Chapter 10 Reclaiming Their Future: Riotous Resistance and Indigenous Creativity in South America's Highest Metropolis Chapter 11 The Eruv as Legal Fiction: Changing Rules in the Public Realm Chapter 12 From Altars to Alterity: Offerings and Inheritances for Queer Vietnamese Kin Chapter 13 101 Ways to Refuse a Wall Chapter 14 Meanwhile Bodies: Architecture Without Property Chapter 15 To Not Refuse Our Ravaged World Chapter 16 From Another Perspective – Balking in the Balkans: Lebbeus Woods – Zagreb Free Zone Revisited Contributors About Architectural Design | ||
| 520 | _aArchitectures of Refusal (Architectural Design) by Jill Stoner (2023) | ||
| 650 |
_aClasses sociales _9123392 |
||
| 650 |
_aClasses supérieures _9123393 |
||
| 700 | 1 |
_aStoner,Jill _9123294 |
|
| 700 | 1 |
_aSaloojee,Ozayr _9123295 |
|
| 942 |
_2ddc _cBK |
||
| 999 |
_c609525 _d609525 |
||